000 00319nam a22001337a 4500
008 170810b xxu||||| |||| 00| 0 eng d
020 _ax03-89042
041 _aeng
080 _a004
100 _a35
101 _aSHKI
245 _aMICROSOFT OFFICE 2000 VISUAL BASIC PROGRAMMER'S GUIDE
_cMICROSOFT
942 _2udc
_cBK
999 _c23083
_d23083